Every Premier League player with a 30+ goal season - Statistics

General Stats
  • This quiz has been taken 43 times
  • The average score is 11 of 13
Answer Stats
Year Club Answer % Correct
1993/94 Blackburn Rovers Alan Shearer
100%
1994/95 Blackburn Rovers Alan Shearer
100%
1995/96 Blackburn Rovers Alan Shearer
100%
2017/18 Tottenham Hotspur Harry Kane
100%
2022/23 Tottenham Hotspur Harry Kane
100%
2017/18 Liverpool Mohamed Salah
100%
2022/23 Manchester City Erling Haaland
97%
2011/12 Arsenal Robin van Persie
97%
2003/04 Arsenal Thierry Henry
97%
2013/14 Liverpool Luis Suarez
87%
1993/94 Newcastle United Andy Cole
65%
2007/08 Manchester United Christiano Ronaldo
48%
1999/00 Sunderland Kevin Phillips
42%
No matching quizzes found
Score Distribution
Percent of People with Each Score
Percentile by Number Answered
Your Score History
You have not taken this quiz